History Quiz

Random History or Famous Quiz

Historic 'ART' People in Three Words Quiz Stats

Quiz Updated Sep 24, 2016

Also try: 'A' in History
Challenge
Share
Tweet
Embed
Score 0/16 Timer 04:00
6 Plays Today
% Correct
Amelia Earhart
96.5%
Napoléon Bonaparte
96.5%
Wolfgang Amadeus Mozart
96.2%
Paul McCartney
96%
Spartacus
94.1%
Jimmy Carter
93.2%
Humphrey Bogart
93.1%
Clara Barton
93%
% Correct
Jon Stewart
93%
Douglas MacArthur
88.4%
René Descartes
86.7%
Joseph McCarthy
86.2%
Chester A. Arthur
80.6%
Jacques Cartier
76.3%
Antonin Artaud
55.7%
Roland Barthes
51.1%

You're not logged in!

Compare scores with friends on all Sporcle quizzes.
Sign Up with Email
OR
Log In

You Might Also Like...

Show Comments

Extras

Top Quizzes Today


Score Distribution

Your Account Isn't Verified!

In order to create a playlist on Sporcle, you need to verify the email address you used during registration. Go to your Sporcle Settings to finish the process.